00987nam a2200325 u 450000100070000000500170000700800410002402000150006503500110008003500210009104000130011204100080012508200080013310000290014124500750017026000320024530000180027765000330029565000280032865000310035665000280038765000330041565000250044865000270047365000330050065000330053370000320056670000280059870000350062683344220260506095859.0030724e19980202 spa  a9879563182 a833442 a(OCoLC)777865345 ccomduadb aspa 4a37010aForni, Floreal4auteaut10aHaciendo escuela : alternancia, trabajo y desarrollo en el medio rural aArgentina :bCiccus,c1998. a255 páginas aEscuelas rurales - Argentina 7aEducación rural2lemb aPedagogía - Innovaciones 7aDesarrollo social2lemb 7aEvaluación educativa2lemb aProyectos educativos aEducación agrícola 7aFamilia y enseñanza2embne aCurriculo de educacion rural10aNeiman, Guillermo4auteaut10aRoldan, Laura4auteaut10aSabatino, Jose Pablo4auteaut